Statystyki dla Wymień Wszystkie postacie League of Legends

Kliknij tutaj aby rozwiązać quiz!

Ogólne statystyki

  • Ten quiz został rozwiązany 904 razy
  • Średni wynik to 100 z 159

Statystyki odpowiedzi

Postać% Poprawnych
Aatrox
90%
Vi
86%
Darius
85%
Lee Sin
85%
Ahri
84%
Akali
84%
Yasuo
84%
Yone
82%
Garen
81%
Lux
81%
Annie
79%
Ashe
79%
Amumu
78%
Caitlyn
78%
Anivia
75%
Brand
75%
Draven
75%
Jinx
75%
Zed
75%
Lucian
74%
Morgana
74%
Azir
73%
Braum
73%
Lulu
73%
Teemo
73%
Alistar
72%
Bard
72%
BlitzCrank
72%
Ezreal
72%
Ekko
71%
Miss Fortune
71%
Warwick
71%
Aurelion Sol
70%
Kai'Sa
70%
Master Yi
70%
Yuumi
70%
Aphelios
69%
Cho'Gath
69%
Katarina
69%
Xerath
69%
Hecarim
68%
Leona
68%
Jhin
67%
Kayn
67%
Kha'Zix
67%
Mordekaiser
67%
Nasus
67%
Renekton
67%
Senna
67%
Sylas
67%
Jarvan IV
66%
Nautilus
66%
Rakan
66%
Vayne
66%
Xayah
66%
Akshan
65%
Corki
65%
Gragas
65%
Heimerdinger
65%
Irelia
65%
Kalista
65%
Ornn
65%
Pantheon
65%
Samira
65%
Viego
65%
Kayle
64%
Pyke
64%
Tristana
64%
Fiora
63%
Fizz
63%
Thresh
63%
Varus
63%
Yorick
63%
Zyra
63%
Dr.Mundo
62%
Evelynn
62%
Galio
62%
Graves
62%
Janna
62%
Malphite
62%
Nami
62%
Poppy
62%
Soraka
62%
Zac
62%
GangPlank
61%
Jax
61%
Lissandra
61%
Rek'Sai
61%
Rengar
61%
Veigar
61%
Volibear
61%
Ziggs
61%
Ivern
60%
Olaf
60%
Sion
60%
Vel'Koz
60%
Camille
59%
Cassiopeia
59%
Diana
59%
Illaoi
59%
Sona
59%
Twisted Fate
59%
Twitch
59%
Elise
58%
Gnar
58%
Orianna
58%
Quinn
58%
Rammus
58%
Syndra
58%
Urgot
58%
Jayce
57%
Karma
57%
Kassadin
57%
Sejuani
57%
Seraphine
57%
Viktor
57%
XinZhao
57%
Fiddlesticks
56%
LeBlanc
56%
Maokai
56%
Qiyana
56%
Sett
56%
Zeri
56%
Karthus
55%
Lillia
55%
Neeko
55%
Vex
55%
Kog'Maw
54%
Nunu & Willump
54%
Shaco
54%
Tryndamere
54%
Zilean
54%
Zoe
54%
Gwen
53%
Sivir
53%
Swain
53%
Taric
53%
Kennen
52%
Kled
52%
Malzahar
52%
Riven
52%
Rumble
52%
Shen
52%
Trundle
52%
Nidalee
51%
Nocturne
51%
Singed
51%
Skarner
51%
Talon
51%
Udyr
51%
Kindred
50%
Shyvana
50%
Vladimir
50%
Wukong
50%
Tahm Kench
49%
Ryze
48%
Rell
46%
Taliyah
43%
Renata Glasc
42%

Rozkład punktacji

Percentyl według liczby udzielonych odpowiedzi

Procent ludzi z każdym wynikiem

Twoja historia wyników

Nie rozwiązałeś tego quizu